000 01012nam a2200241 a 4500
001 41427
003 BD-RjUL
005 20211209053403.0
008 160530s1967 ii ||||| |||| 00| 0 ben d
020 _c: IRs.8.00
035 _a(BD-RjUL)41545
040 _aBD-RjUL
_bben
_cBD-RjUL
_dBD-RjUL
041 _aben
082 _223
_a891.443
_bMUS 1967
100 _aমুখোপাধ্যায়, দেবরঞ্জন
_9127352
245 1 0 _aশক্তিদর্শন ও শক্তি কবি /
_cদেবরঞ্জন মুখোপাধ্যায়
260 _aকলিকাতা :
_bভারতী বুক স্টল,
_c১৯৬৭ ( ১৩৭৪)
300 _a[১০], ২৮৮ পৃ. ;
_c২১ সেমি.
504 _aগ্রন্থপঞ্জি রয়েছে
650 _aবাংলা প্রবন্ধ
_vইতিহাস ও সমালোচনা
_9119946
650 _aBengali Essays
_vHistory and Criticism
_9119947
942 _2ddc
_cBK
999 _c41427
_d41427